1049 1066 1777 1101 1290 1442 1277 1637 1440 1421 1609 1039 1668 1977 1257 1096 1939 1494 1952 1021 1161 1792 1342 1617 1845 1568 1279 1841 1742 1320 1268 1306 1579 1923 1396 1773 1407 1997 1993 1532 1652 1291 1707 1879 1949 1448 1615 1423 1555 1725 1290 1509 1061 1447 1119 1891 1077 1702 1313 1232 1780 1478 1434 1589 1248 1941 1811 1234 1956 1925 1660 1846 1998 1521 1128 1572 1433 1303 1952 1856 1205 1738 1245 1887 1654 1276 1627 1050 1670 1935 1324 1707 1557 1624 1903 1709 1276 1123 1418 BCNSPRNW ULIB Ver.6.0+V

เปลี่ยนเป็นภาษาไทย

Change to English
 แสดงรายละเอียดบรรณานุกรม
  กลับหน้าหลัก

Brief Record : Get Marc (ISO 2709) : E-mail record : QR code < ปิดหน้าต่าง
LEADER : 00000nam 2200000uu 4500
001    13399111497
003     ULIB
008    110628s||||||||th 000 0 tha d
020    9789748075969
050 04 BQ4435^bศ722พ 2550
100 0  ศุภวรรณ พิพัฒพรรณวงศ์ กรีน
245 10 พรมแดนข้ามโคตร /^cศุภวรรณ พิพัฒพรรณวงศ์ กรีน
250    พิมพ์ครั้งที่ 1
260    กรุงเทพฯ :^bอมรินทร์ บุ๊ค เซ็นเตอร์,^c2550
300    365 หน้า
650  7 ธรรมะกับชีวิตประจำวัน
650  7 การปฏิบัติธรรม
945    ^p200^l0^i022029
995    ทศพร
999 ^a ใช้งานได้ทุกระบบ
รายการนี้ยังไม่มีแท็ก
คุณยังไม่ได้ล็อกอิน คุณสามารถมีกิจกรรมร่วมกับเว็บไซต์ได้ แต่ต้องล็อกอินก่อน ::
  ล็อกอิน

รายการสื่อสารสนเทศ

ลำดับที่ ประเภท เลขเรียก/บาร์โค้ด สถานที่ สถานะ
- ไม่พบข้อมูล -

รายการใกล้เคียง
    ผู้แต่ง [ศุภวรรณ พิพัฒพรรณวงศ์ กรีน]

    หัวเรื่อง [ธรรมะกับชีวิตประจำวัน]
    หัวเรื่อง [การปฏิบัติธรรม]

BibComment


ยังไม่เคยถูกคอมเมนท์

คอมเมนท์ทรัพยากรรายการนี้
  คอมเมนท์: พรมแดนข้ามโคตร ศ..


 Copyright 2026. Bcnsprnw @Library